| 000 | 00498nam a22001577a 4500 | ||
|---|---|---|---|
| 005 | 20251108172152.0 | ||
| 008 | 250721s1981 xx 000 0 ara d | ||
| 082 | 1 | 4 | _a744/حما |
| 100 | 1 | _aحماد، محمد | |
| 245 | 1 | 0 | _aتكنولوجيا الرسم المعماري و الإخراج / |
| 264 | 1 |
_aالرياض : _bالمكتبة العربية الفنية، _c1981. |
|
| 300 | _a292ص : إيضاحات | ||
| 650 | 1 | 7 | _aالرسم المعماري |
| 942 |
_2ddc _cBK |
||
| 999 |
_c72167 _d72167 |
||